|
|
|
|
| LEADER |
01537nam a2200409 a 4500 |
| 001 |
35291 |
| 003 |
BD-DhAAL |
| 005 |
20211129124206.0 |
| 008 |
190911t2007 enka b 001 0 eng d |
| 999 |
|
|
|c 41195
|d 41195
|
| 010 |
|
|
|a 2009659328
|
| 015 |
|
|
|a GBA709791
|2 bnb
|
| 020 |
|
|
|a 0335217958 (Paper)
|
| 020 |
|
|
|a 9786611129408
|
| 020 |
|
|
|z 9780335217953
|
| 020 |
|
|
|z 0335217966 (Cloth)
|
| 020 |
|
|
|z 0335229883 (electronic bk.)
|
| 035 |
|
|
|a (UK-RwCLS)cis7443828
|
| 037 |
|
|
|a 112940
|b MIL
|
| 040 |
|
|
|a UK-RwCLS
|c UK-RwCLS
|d DLC
|d BD-DhAAL
|
| 042 |
|
|
|a lccopycat
|
| 050 |
0 |
0 |
|a Q175.5
|
| 082 |
0 |
4 |
|a 507.12
|2 22
|
| 100 |
1 |
|
|a Jarman, Ruth.
|9 34374
|
| 245 |
1 |
0 |
|a Developing scientific literacy :
|b using news media in the classroom /
|c Ruth Jarman and Billy McClune.
|
| 260 |
|
|
|a Maidenhead :
|b McGraw-Hill/Open University Press,
|c c2007.
|
| 300 |
|
|
|a x, 216 pages :
|b illustrations ;
|c 23 cm
|
| 504 |
|
|
|a Includes bibliographical references (pages [191]-203) and index.
|
| 526 |
|
|
|a BIED
|
| 541 |
|
|
|a Complimentary copy from BIED
|e 35291
|
| 650 |
|
0 |
|a Science
|x Study and teaching (Secondary)
|9 34375
|
| 650 |
|
0 |
|a Science in mass media.
|9 34376
|
| 650 |
|
0 |
|a Science
|x Social aspects.
|9 34377
|
| 700 |
1 |
|
|a McClune, Billy.
|9 34378
|
| 852 |
|
|
|a Ayesha Abed Library
|c BIED Collection
|
| 942 |
|
|
|2 ddc
|c BK
|
| 952 |
|
|
|0 0
|1 0
|2 ddc
|4 0
|6 507_120000000000000_JAR
|7 0
|9 66224
|a BRACUL
|b BRACUL
|c GEN
|d 2019-09-11
|e Complimentary copy from BIED
|l 0
|o 507.12 JAR
|p 3010035291
|r 2019-09-11
|t 1
|w 2019-09-11
|y BK
|x Transferred from BIED to General Stacks
|